[Event "Junior Online 4NCL Division 3"]
[Site "online"]
[Date "2020.04.16"]
[Round "1.81"]
[White "Doyle, Joshua"]
[Black "Southcott-Moyers, Indy"]
[Result "0-1"]
[WhiteElo "1600"]
[BlackElo "1487"]
[PlyCount "98"]
[EventDate "2020.04.16"]
[WhiteTeam "Wey 1"]
[BlackTeam "Stroud Cubs"]

1. e4 c6 2. d4 d5 3. Nc3 dxe4 4. Nxe4 Bf5 5. Bd3 Bxe4 6. Bxe4 Nf6 7. f3 e6 8.
Ne2 Bd6 9. Bf4 Bxf4 10. Nxf4 Nbd7 11. O-O Qc7 12. Ne2 O-O 13. c3 Rad8 14. b4
Nb6 15. Bd3 Nbd5 16. Qb1 h6 17. Ng3 Nxc3 18. Qc2 Ncd5 19. Rab1 Ne3 20. Qe2 Nxf1
21. Rxf1 Qd6 22. Ne4 Nxe4 23. Qxe4 Qxd4+ 24. Qxd4 Rxd4 25. Rd1 Rfd8 26. Bh7+
Kxh7 27. Rxd4 Rxd4 28. a3 Rd3 29. a4 Ra3 30. a5 Rb3 31. Kf2 Rxb4 32. Ke3 Ra4
33. f4 Rxa5 34. Kf3 Rb5 35. Kg4 a5 36. f5 a4 37. fxe6 fxe6 38. Kf3 a3 39. Ke3
a2 40. Kd2 a1=Q 41. Kd3 Qa3+ 42. Kd4 Rb4+ 43. Kc5 Qc3+ 44. Kd6 Rd4+ 45. Kc7
Qa5+ 46. Kxb7 Rb4+ 47. Kxc6 Rb6+ 48. Kc7 Qa7+ 49. Kc8 Rb8# 0-1

[Event "Junior Online 4NCL Division 3"]
[Site "online"]
[Date "2020.04.16"]
[Round "1.82"]
[White "Carey, Alex"]
[Black "Baber, Sanjit"]
[Result "1-0"]
[WhiteElo "1442"]
[BlackElo "1540"]
[PlyCount "159"]
[EventDate "2020.04.16"]
[WhiteTeam "Stroud Cubs"]
[BlackTeam "Wey 1"]

1. e4 c5 2. Nf3 d6 3. d4 cxd4 4. Nxd4 e5 5. Nf3 Nf6 6. Nc3 Nc6 7. Bg5 Be7 8.
Bxf6 Bxf6 9. Nd5 Be6 10. Bc4 Bxd5 11. Bxd5 O-O 12. O-O Qe7 13. c3 Rad8 14. Qb3
Qd7 15. Rad1 b6 16. Nd2 Ne7 17. Nc4 b5 18. Ne3 Nxd5 19. Nxd5 Bg5 20. Rd3 a6 21.
Rfd1 Be7 22. h3 Rfe8 23. Qb4 Kf8 24. Qa5 Qc6 25. Nb4 Qb7 26. Qxa6 Qxa6 27. Nxa6
Rd7 28. a3 Ra7 29. Nb4 Rc7 30. Nd5 Rc4 31. f3 Rc6 32. Kf2 Bh4+ 33. Ke2 Be7 34.
Ne3 g6 35. Nd5 Rd8 36. Nb4 Rb6 37. Nd5 Rc6 38. f4 f6 39. fxe5 fxe5 40. Rf1+ Ke8
41. Rdf3 Kd7 42. Rf7 Re8 43. Rxh7 g5 44. Nf6+ Kd8 45. Nxe8 Kxe8 46. Rff7 Rc7
47. Rfg7 Kd8 48. Kd3 Ke8 49. Rxg5 Kd8 50. Rg8+ Kd7 51. Rgg7 Kd8 52. Ke3 Ke8 53.
Kf3 Kd8 54. Kg4 Ke8 55. Kf5 Kd8 56. Rxe7 Rxe7 57. Rxe7 Kxe7 58. Kg6 Kf8 59. Kf6
Ke8 60. Ke6 Kf8 61. Kxd6 Ke8 62. Kxe5 Ke7 63. h4 Kd7 64. g4 b4 65. axb4 Kc6 66.
g5 Kb5 67. g6 Ka4 68. g7 Kb3 69. g8=Q+ Kc2 70. Qg2+ Kb3 71. h5 Kc4 72. h6 Kb3
73. h7 Kc4 74. h8=R Kb3 75. c4 Ka4 76. Qc2+ Kxb4 77. Qc3+ Kc5 78. Qd4+ Kb4 79.
Rb8+ Ka4 80. Qa7# 1-0

[Event "Junior Online 4NCL Division 3"]
[Site "online"]
[Date "2020.04.16"]
[Round "1.83"]
[White "Mokhber-Garcia, Sebastian"]
[Black "Edwards, Jacob"]
[Result "0-1"]
[WhiteElo "1465"]
[BlackElo "1412"]
[PlyCount "112"]
[EventDate "2020.04.16"]
[WhiteTeam "Wey 1"]
[BlackTeam "Stroud Cubs"]

1. e4 d5 2. exd5 Nf6 3. Nc3 c6 4. dxc6 Nxc6 5. Nf3 e5 6. Bc4 Bc5 7. d3 Bg4 8.
h3 Bh5 9. Bg5 h6 10. Bh4 g5 11. g4 gxh4 12. gxh5 Nxh5 13. Nxe5 Nxe5 14. Qxh5
Nxc4 15. dxc4 Qe7+ 16. Qe2 Qxe2+ 17. Nxe2 O-O-O 18. Rf1 Rhe8 19. Rd1 Rxd1+ 20.
Kxd1 f5 21. Nc3 Bd4 22. Re1 Rd8 23. Ke2 Bxc3 24. bxc3 Re8+ 25. Kd2 Rxe1 26.
Kxe1 Kd7 27. Ke2 Kd6 28. Kd3 Kc5 29. f3 a6 30. f4 a5 31. a4 b6 32. Kd2 Kxc4 33.
Ke3 Kxc3 34. Ke2 Kxc2 35. Ke3 Kb3 36. Kd4 Kxa4 37. Ke5 b5 38. Kxf5 b4 39. Ke5
b3 40. f5 b2 41. f6 b1=Q 42. Ke6 Qf1 43. Ke7 Kb3 44. f7 a4 45. f8=Q Qxf8+ 46.
Kxf8 a3 47. Kg7 a2 48. Kxh6 a1=Q 49. Kh5 Qe1 50. Kg4 Kc4 51. Kh5 Kd4 52. Kg4
Ke4 53. Kh5 Kf5 54. Kh6 Qg3 55. Kh7 Kf6 56. Kh8 Qg7# 0-1

[Event "Junior Online 4NCL Division 3"]
[Site "online"]
[Date "2020.04.16"]
[Round "1.84"]
[White "Ashworth, Jaime"]
[Black "Guo James, Jintian"]
[Result "0-1"]
[WhiteElo "1390"]
[BlackElo "1457"]
[PlyCount "92"]
[EventDate "2020.04.16"]
[WhiteTeam "Stroud Cubs"]
[BlackTeam "Wey 1"]

1. e4 e6 2. d4 d5 3. Nd2 c5 4. exd5 exd5 5. Ndf3 Nf6 6. h3 Bd6 7. Bb5+ Nc6 8.
Ne2 O-O 9. O-O Qb6 10. Bd3 c4 11. Bxc4 dxc4 12. c3 Bf5 13. Qa4 Bd3 14. Re1 Qa5
15. Qxa5 Nxa5 16. Bg5 Ne4 17. Nf4 Nxg5 18. Nxd3 Nxf3+ 19. gxf3 cxd3 20. Rad1
Rae8 21. Rxe8 Rxe8 22. Rxd3 h6 23. b3 Nc6 24. c4 g6 25. d5 Ne5 26. Re3 Kf8 27.
Kg2 Nd7 28. Rxe8+ Kxe8 29. Kg1 Ke7 30. Kg2 Kf6 31. Kg1 Kf5 32. Kg2 Kf4 33. Kg1
Kxf3 34. Kf1 Nc5 35. Ke1 Nd3+ 36. Kd2 Nxf2 37. Kc3 Nxh3 38. Kd3 g5 39. Kd2 g4
40. Ke1 g3 41. Kf1 g2+ 42. Ke1 g1=Q+ 43. Kd2 Bf4+ 44. Kc2 Qc1+ 45. Kd3 Nf2+ 46.
Kd4 Qe3# 0-1

[Event "Junior Online 4NCL Division 3"]
[Site "online"]
[Date "2020.04.16"]
[Round "1.85"]
[White "Southcott-Moyers, Indy"]
[Black "Doyle, Joshua"]
[Result "1-0"]
[WhiteElo "1487"]
[BlackElo "1600"]
[PlyCount "123"]
[EventDate "2020.04.16"]
[WhiteTeam "Stroud Cubs"]
[BlackTeam "Wey 1"]

1. d4 e5 2. dxe5 Nc6 3. Nf3 Qe7 4. c3 Nxe5 5. Nxe5 Qxe5 6. Nd2 Nf6 7. Nf3 Qe6
8. Bg5 Bc5 9. Bxf6 Qxf6 10. e3 O-O 11. Bd3 Be7 12. O-O d6 13. Qc2 g6 14. Rad1
Kh8 15. Rfe1 Rg8 16. e4 Bg4 17. Be2 c6 18. Nd4 Qf4 19. Bxg4 Qxg4 20. h3 Qd7 21.
e5 g5 22. exd6 Bxd6 23. Nf5 Rge8 24. Rxe8+ Rxe8 25. Nxd6 Re6 26. Qf5 Kg8 27.
Qxg5+ Kf8 28. Qc5 Qe7 29. Nxb7 Qxc5 30. Nxc5 Re2 31. Nd3 Ke7 32. Re1 Rxe1+ 33.
Nxe1 Kd6 34. Kf1 Ke5 35. Ke2 Ke4 36. f3+ Kf4 37. Kf2 h5 38. g3+ Kf5 39. Nd3 Kg5
40. Ke3 h4 41. g4 f5 42. Ne5 f4+ 43. Ke4 a5 44. Nxc6 a4 45. Na5 Kg6 46. b3 axb3
47. axb3 Kf6 48. c4 Ke7 49. Kxf4 Kd6 50. g5 Kc5 51. g6 Kb4 52. g7 Kxa5 53. g8=Q
Kb4 54. Qd5 Kxb3 55. c5+ Kb4 56. c6 Kc3 57. c7 Kb4 58. c8=Q Ka4 59. Qcc4+ Ka3
60. Qdd3+ Kb2 61. Qcc2+ Ka1 62. Qdd1# 1-0

[Event "Junior Online 4NCL Division 3"]
[Site "online"]
[Date "2020.04.16"]
[Round "1.86"]
[White "Baber, Sanjit"]
[Black "Carey, Alex"]
[Result "0-1"]
[WhiteElo "1540"]
[BlackElo "1442"]
[PlyCount "132"]
[EventDate "2020.04.16"]
[WhiteTeam "Wey 1"]
[BlackTeam "Stroud Cubs"]

1. d4 d5 2. e3 Nf6 3. c4 c6 4. Nc3 Bf5 5. Nf3 e6 6. cxd5 cxd5 7. Bd3 Bg6 8.
Bxg6 hxg6 9. h3 Bd6 10. Qc2 Nc6 11. O-O Rc8 12. a3 a6 13. Re1 O-O 14. e4 dxe4
15. Nxe4 Nxe4 16. Rxe4 Nxd4 17. Qd3 Nxf3+ 18. Qxf3 Qc7 19. Re1 Rfd8 20. Be3 Qc6
21. Qxc6 Rxc6 22. Rab1 Rdc8 23. Bg5 Rc2 24. Be3 b5 25. Bb6 R8c6 26. Be3 Be5 27.
Bc1 Bf6 28. Rd1 Kf8 29. Re1 Ke7 30. Rd1 Rd6 31. Rxd6 Kxd6 32. Bf4+ Kd5 33. Bg3
Rxb2 34. Rd1+ Kc6 35. Rd6+ Kc5 36. Rxa6 Ra2 37. Bd6+ Kd5 38. Bb4 Ra1+ 39. Kh2
Be5+ 40. g3 Ra2 41. Kg2 Bd4 42. Rd6+ Ke5 43. Rd7 Rxf2+ 44. Kh1 Ke4 45. Rb7 Kf3
46. Rxf7+ Kxg3 47. Rxf2 Bxf2 48. Bf8 Kxh3 49. Bxg7 Kg3 50. Bf6 Kf3 51. Kh2 Bg3+
52. Kh3 e5 53. Be7 e4 54. Bg5 Bf4 55. Bh4 e3 56. Be1 e2 57. Bh4 Bd2 58. Kh2
e1=Q 59. Bxe1 Bxe1 60. Kh3 g5 61. Kh2 g4 62. a4 g3+ 63. Kg1 g2 64. axb5 Bf2+
65. Kh2 g1=Q+ 66. Kh3 Qg3# 0-1

[Event "Junior Online 4NCL Division 3"]
[Site "online"]
[Date "2020.04.16"]
[Round "1.87"]
[White "Edwards, Jacob"]
[Black "Mokhber-Garcia, Sebastian"]
[Result "0-1"]
[WhiteElo "1412"]
[BlackElo "1465"]
[PlyCount "72"]
[EventDate "2020.04.16"]
[WhiteTeam "Stroud Cubs"]
[BlackTeam "Wey 1"]

1. e4 e5 2. Bc4 Nc6 3. Nf3 Nd4 4. Nxd4 exd4 5. O-O Nf6 6. d3 Be7 7. c3 dxc3 8.
Nxc3 O-O 9. Bf4 d6 10. Nd5 Nxd5 11. Bxd5 c6 12. Bc4 b5 13. Bb3 Be6 14. Bxe6
fxe6 15. b3 Rxf4 16. g3 Rf8 17. d4 Bf6 18. Rc1 Rc8 19. a3 Bg5 20. Rc2 c5 21. d5
exd5 22. Qxd5+ Kh8 23. b4 Be7 24. bxc5 Rxc5 25. Rxc5 dxc5 26. Qxd8 Rxd8 27. Rb1
Rb8 28. a4 b4 29. f4 c4 30. Kf2 Kg8 31. Ke2 b3 32. Kd2 Bb4+ 33. Kd1 Ba5 34. e5
c3 35. Kc1 c2 36. Rb2 Bc3 0-1

[Event "Junior Online 4NCL Division 3"]
[Site "online"]
[Date "2020.04.16"]
[Round "1.88"]
[White "Guo James, Jintian"]
[Black "Ashworth, Jaime"]
[Result "1-0"]
[WhiteElo "1457"]
[BlackElo "1390"]
[PlyCount "109"]
[EventDate "2020.04.16"]
[WhiteTeam "Wey 1"]
[BlackTeam "Stroud Cubs"]

1. e4 e6 2. d4 d5 3. exd5 exd5 4. Nf3 Nf6 5. Be2 Be7 6. O-O O-O 7. c4 Bf5 8.
Nc3 c6 9. Qb3 Qb6 10. Qxb6 axb6 11. a3 Nbd7 12. Bf4 Be6 13. cxd5 Nxd5 14. Nxd5
Bxd5 15. Rac1 Rfe8 16. Bc4 Nf6 17. Ne5 Bd6 18. Bg3 Bxc4 19. Rxc4 Re6 20. Rcc1
Rd8 21. Nf3 Bxg3 22. fxg3 Rde8 23. h3 h6 24. Ne5 Kf8 25. Kf2 Ne4+ 26. Ke3 Nxg3
27. Rxf7+ Kg8 28. Kf3 Nh5 29. Rxb7 Rf8+ 30. Ke3 b5 31. Rxc6 Rxc6 32. Nxc6 Re8+
33. Kd3 Nf6 34. Rxb5 Kh7 35. Ne5 Nh5 36. Ke3 Nf6 37. a4 Nd7 38. a5 Nxe5 39.
Rxe5 Ra8 40. b4 Rb8 41. b5 Kg6 42. a6 Kf6 43. Ke4 Kf7 44. g4 g5 45. a7 Ra8 46.
b6 Kf8 47. Kd5 Kf7 48. Re6 Rd8+ 49. Rd6 Ra8 50. Kc6 Ke7 51. Kb7 Kxd6 52. Kxa8
Kc6 53. b7 Kc7 54. b8=Q+ Kd7 55. Qh8 1-0

[Event "Junior Online 4NCL Division 3"]
[Site "online"]
[Date "2020.04.23"]
[Round "2.11"]
[White "Whelan, Joseph"]
[Black "Shaporenkov, Robert"]
[Result "1-0"]
[WhiteElo "1547"]
[BlackElo "1427"]
[PlyCount "113"]
[EventDate "2020.04.23"]
[WhiteTeam "4 Gems"]
[BlackTeam "St Albans Early Knights 2"]

1. e4 d6 2. d4 Nf6 3. Nc3 g6 4. Nf3 Bg7 5. h3 Bd7 6. Bc4 h6 7. O-O O-O 8. e5
dxe5 9. Nxe5 Nc6 10. Nxg6 Re8 11. Ne5 Nxe5 12. dxe5 Nh7 13. Qh5 e6 14. Bxh6
Bxh6 15. Qxh6 Qg5 16. Qxg5+ Nxg5 17. f4 Nh7 18. g4 Kh8 19. Rad1 Bc6 20. Bb5
Bxb5 21. Nxb5 Rec8 22. Rd7 f5 23. gxf5 Rg8+ 24. Kh2 exf5 25. Rg1 Rxg1 26. Kxg1
Nf8 27. Rxc7 Rd8 28. Nd6 Rb8 29. Nf7+ Kg8 30. Nh6+ Kh8 31. Nxf5 Rd8 32. Nd6 Rb8
33. f5 b5 34. e6 a5 35. Rc8 Rxc8 36. Nxc8 Kg7 37. e7 Kf7 38. exf8=Q+ Kxf8 39.
Kf2 Kf7 40. Kf3 Kf6 41. Kf4 a4 42. h4 b4 43. Nd6 Kg7 44. Kg5 Kh7 45. f6 Kh8 46.
Kg6 Kg8 47. h5 a3 48. bxa3 bxa3 49. h6 Kh8 50. Kf7 Kh7 51. Ke8 Kg8 52. f7+ Kh7
53. f8=Q Kg6 54. Qf5+ Kxh6 55. Qg4 Kh7 56. Kf7 Kh6 57. Qg6# 1-0

[Event "Junior Online 4NCL Division 3"]
[Site "online"]
[Date "2020.04.23"]
[Round "2.13"]
[White "Rizvi, Aysha"]
[Black "Ravithas, Ashwin"]
[Result "1-0"]
[WhiteElo "1345"]
[BlackElo "1382"]
[PlyCount "107"]
[EventDate "2020.04.23"]
[WhiteTeam "4 Gems"]
[BlackTeam "St Albans Early Knights 2"]

1. c4 e5 2. g3 Nc6 3. Bg2 Bc5 4. a3 a5 5. e3 Nf6 6. Ne2 e4 7. O-O O-O 8. Nbc3
Re8 9. b3 d6 10. Bb2 Bg4 11. h3 Be6 12. Nf4 Bd7 13. Nh5 Nxh5 14. Qxh5 g6 15.
Qh6 Qe7 16. Nd5 Ne5 17. Nxe7+ Rxe7 18. Bxe4 f6 19. d4 Bxd4 20. exd4 Nc6 21.
Bd5+ Kh8 22. Rfe1 Ree8 23. Rxe8+ Rxe8 24. Kg2 b6 25. Re1 Rd8 26. Bf7 Bf5 27. d5
Ne5 28. Bxe5 dxe5 29. b4 axb4 30. axb4 Bc2 31. c5 bxc5 32. bxc5 Bf5 33. d6 cxd6
34. cxd6 Bd3 35. d7 Bf5 36. Rd1 Be4+ 37. Kh2 Bc2 38. Rd6 Bf5 39. Bxg6 Bxg6 40.
Rxf6 Kg8 41. Re6 Bf7 42. Re7 Rb8 43. Rxe5 Rd8 44. Re7 Rb8 45. Re5 Rd8 46. Rg5+
Bg6 47. Rxg6+ hxg6 48. Qxg6+ Kf8 49. Qf6+ Kg8 50. Qxd8+ Kf7 51. Qe8+ Kf6 52.
d8=Q+ Kf5 53. Qd4 Kg5 54. Qf4# 1-0

[Event "Junior Online 4NCL Division 3"]
[Site "online"]
[Date "2020.04.23"]
[Round "2.14"]
[White "Vayzert, Darya"]
[Black "Rizvi, Zara"]
[Result "1/2-1/2"]
[WhiteElo "1315"]
[BlackElo "1360"]
[PlyCount "87"]
[EventDate "2020.04.23"]
[WhiteTeam "St Albans Early Knights 2"]
[BlackTeam "4 Gems"]

1. d4 d5 2. Nf3 Nf6 3. e3 g6 4. Bd3 Bg7 5. Nbd2 O-O 6. c3 c5 7. e4 dxe4 8. Nxe4
Nxe4 9. Bxe4 cxd4 10. cxd4 Nc6 11. Be3 Bg4 12. d5 Bxf3 13. Qxf3 Ne5 14. Qe2 Nd7
15. O-O Rb8 16. Bxa7 Ra8 17. Be3 Nf6 18. Bf3 Nxd5 19. Bxd5 Qxd5 20. Rfd1 Qe5
21. Rd2 Qc7 22. Bd4 Bxd4 23. Rxd4 e6 24. b3 Rfd8 25. Rad1 Rxd4 26. Rxd4 Rd8 27.
Rd1 Rxd1+ 28. Qxd1 f5 29. h3 Kg7 30. Qd4+ Kh6 31. Qe3+ Kg7 32. Qxe6 Qc1+ 33.
Kh2 Qc7+ 34. Kg1 Qc1+ 35. Kh2 Qc7+ 36. g3 Qc2 37. Qe5+ Kh6 38. Qe3+ Kg7 39.
Qe7+ Kh6 40. Qh4+ Kg7 41. Qe7+ Kh6 42. Qh4+ Kg7 43. Qe7+ Kh6 44. Qh4+ 1/2-1/2

[Event "Junior Online 4NCL Division 3"]
[Site "online"]
[Date "2020.04.23"]
[Round "2.15"]
[White "Shaporenkov, Robert"]
[Black "Whelan, Joseph"]
[Result "0-1"]
[WhiteElo "1427"]
[BlackElo "1547"]
[PlyCount "62"]
[EventDate "2020.04.23"]
[WhiteTeam "St Albans Early Knights 2"]
[BlackTeam "4 Gems"]

1. d4 e6 2. Bf4 d6 3. e4 e5 4. dxe5 Nc6 5. exd6 Bxd6 6. Bg3 Bb4+ 7. c3 Qxd1+ 8.
Kxd1 Bc5 9. Nd2 Nf6 10. Ngf3 Bg4 11. Bb5 O-O-O 12. h3 Bh5 13. Kc1 Bxf3 14. gxf3
Nh5 15. Rg1 Nxg3 16. Rxg3 Bxf2 17. Rxg7 Be3 18. Bxc6 Bxd2+ 19. Kc2 bxc6 20.
Rxf7 Bg5 21. Rd1 Rxd1 22. Kxd1 Rd8+ 23. Kc2 Rd2+ 24. Kb3 Rd7 25. Rf8+ Rd8 26.
Rf7 Rd7 27. Rf8+ Kb7 28. a4 a6 29. Ka3 Be7+ 30. Kb3 Bxf8 31. c4 Rd3+ 0-1

[Event "Junior Online 4NCL Division 3"]
[Site "online"]
[Date "2020.04.23"]
[Round "2.17"]
[White "Ravithas, Ashwin"]
[Black "Rizvi, Aysha"]
[Result "1-0"]
[WhiteElo "1382"]
[BlackElo "1345"]
[PlyCount "141"]
[EventDate "2020.04.23"]
[WhiteTeam "St Albans Early Knights 2"]
[BlackTeam "4 Gems"]

1. e4 c5 2. Nf3 d5 3. Nc3 d4 4. Ne2 g6 5. c3 d3 6. Nf4 c4 7. Qa4+ Nc6 8. Qxc4
Bg7 9. Qxd3 Nf6 10. Qxd8+ Nxd8 11. Bb5+ Nc6 12. Bxc6+ bxc6 13. d3 O-O 14. Bd2
Rd8 15. O-O-O Ba6 16. Be3 g5 17. Ne2 Bxd3 18. Ned4 Bxe4 19. Bxg5 Bd5 20. a3 c5
21. Bxf6 Bxf6 22. Nf5 Bb3 23. Rxd8+ Rxd8 24. Ng3 Bg7 25. Re1 c4 26. Nf5 Bf6 27.
N5d4 Bg7 28. Nxb3 cxb3 29. g4 f6 30. h4 Bh6+ 31. g5 fxg5 32. hxg5 Bg7 33. Rd1
Rd6 34. Rxd6 exd6 35. Nd4 Be5 36. Nxb3 Bf4+ 37. Kd1 Bxg5 38. Nd4 h5 39. Ke1 Bh4
40. Kf1 Kg7 41. Nb5 Kg6 42. Nxd6 Kg5 43. Ne4+ Kf4 44. Ng3 Bxg3 45. fxg3+ Kxg3
46. Kg1 h4 47. c4 Kf4 48. b4 Ke4 49. c5 Kd5 50. a4 Kc6 51. Kh2 a6 52. a5 Kb5
53. Kh3 Kxb4 54. c6 Kb5 55. c7 Kc6 56. c8=Q+ Kb5 57. Qd8 Ka4 58. Kxh4 Kb5 59.
Kg5 Ka4 60. Kf4 Kb5 61. Ke5 Kc4 62. Qb6 Kc3 63. Qxa6 Kb4 64. Qb6+ Kc4 65. a6
Kc3 66. Qd6 Kc4 67. a7 Kb5 68. Qc7 Kb4 69. a8=Q Kb5 70. Qab8+ Ka4 71. Qca7# 1-0

[Event "Junior Online 4NCL Division 3"]
[Site "online"]
[Date "2020.04.23"]
[Round "2.18"]
[White "Rizvi, Zara"]
[Black "Vayzert, Darya"]
[Result "0-1"]
[WhiteElo "1360"]
[BlackElo "1315"]
[PlyCount "110"]
[EventDate "2020.04.23"]
[WhiteTeam "4 Gems"]
[BlackTeam "St Albans Early Knights 2"]

1. d4 d5 2. c4 e6 3. Nc3 c6 4. Bf4 Bd6 5. Bxd6 Qxd6 6. Nf3 Nd7 7. e3 b6 8. Bd3
dxc4 9. Bxc4 b5 10. Bd3 e5 11. dxe5 Nxe5 12. Nxe5 Qxe5 13. O-O Nf6 14. Rc1 Bd7
15. a3 O-O 16. b4 Rac8 17. Re1 Rfe8 18. Qd2 Nd5 19. Nxd5 Qxd5 20. Rcd1 Rcd8 21.
Qc2 Qh5 22. Be2 Qh6 23. Rd2 Be6 24. Red1 Rxd2 25. Rxd2 Bd5 26. Qc5 Qg5 27. f3
Qxe3+ 28. Qxe3 Rxe3 29. Ra2 Bxa2 30. Kf2 Re8 31. h3 f6 32. g4 Kf7 33. Bd3 h6
34. h4 Bc4 35. Be4 g6 36. h5 gxh5 37. gxh5 Ke6 38. Bg6 Rg8 39. Be4 f5 40. Bxc6
f4 41. a4 Rg3 42. axb5 Kd6 43. Be8 Bd5 44. b6 Rxf3+ 45. Ke2 Re3+ 46. Kd2 Rb3
47. bxa7 Ra3 48. a8=Q Rxa8 49. Bg6 Ra2+ 50. Kc3 f3 51. b5 f2 52. b6 f1=Q 53. b7
Qc1+ 54. Kd4 Qg1+ 55. Kc3 Bxb7 0-1

[Event "Junior Online 4NCL Division 3"]
[Site "online"]
[Date "2020.04.23"]
[Round "2.21"]
[White "Postans, Harrison"]
[Black "Vas, Ethan"]
[Result "1-0"]
[WhiteElo "1620"]
[BlackElo "1412"]
[PlyCount "107"]
[EventDate "2020.04.23"]
[WhiteTeam "EPR Paradox"]
[BlackTeam "Warwickshire Bears C"]

1. e4 e5 2. Nf3 Nc6 3. Bc4 Bc5 4. c3 d6 5. d4 exd4 6. cxd4 Bb4+ 7. Nc3 Bxc3+ 8.
bxc3 Nf6 9. Bd3 O-O 10. O-O b6 11. Qc2 Na5 12. Bg5 c5 13. e5 cxd4 14. exf6 gxf6
15. Bh4 dxc3 16. Qxc3 Kg7 17. Rfe1 Bb7 18. Bc2 Rc8 19. Qd3 Rh8 20. Bb3 d5 21.
Qd4 Nc6 22. Qg4+ Kf8 23. Qf5 Ne7 24. Qxf6 Rg8 25. Rxe7 Rg7 26. Rxb7 Qxf6 27.
Bxf6 Rg6 28. Be7+ Kg7 29. h3 h5 30. Rxa7 Re8 31. Bxd5 Rc8 32. Bh4 Rf8 33. Rb1
Kh6 34. Rxf7 Rd8 35. Be4 Re8 36. Bxg6 Kxg6 37. Rd7 Re2 38. Rxb6+ Kf5 39. Rb5+
Ke4 40. Re7+ Kd3 41. Rb3+ Kc2 42. Rxe2+ Kd1 43. Re8 Kc2 44. Rc8+ Kd1 45. Rb1+
Ke2 46. Rb3 Kd1 47. a4 Ke2 48. a5 Kd1 49. a6 Ke2 50. a7 Kd1 51. a8=Q Ke2 52.
Qa2+ Kd1 53. Qb1+ Ke2 54. Rc2# 1-0

[Event "Junior Online 4NCL Division 3"]
[Site "online"]
[Date "2020.04.23"]
[Round "2.22"]
[White "Sastry, Shriya"]
[Black "Stevenson, Neil"]
[Result "0-1"]
[WhiteElo "1322"]
[BlackElo "1483"]
[PlyCount "56"]
[EventDate "2020.04.23"]
[WhiteTeam "Warwickshire Bears C"]
[BlackTeam "EPR Paradox"]

1. d4 f5 2. Bf4 Nf6 3. Nf3 e6 4. a3 Nc6 5. Nc3 Be7 6. e3 O-O 7. Bc4 Na5 8. Ba2
Kh8 9. O-O b6 10. Re1 Bb7 11. h3 Qe8 12. Bxc7 d6 13. Bxe6 Qc6 14. Bxb6 Qxb6 15.
b4 Nc6 16. Bxf5 d5 17. Be6 Nd8 18. Bf5 Nh5 19. Bd3 Qh6 20. Ne5 Bh4 21. Rf1 Bc8
22. Nxd5 Qg5 23. Kh2 Bxf2 24. Kh1 Ng3+ 25. Kh2 Bxh3 26. gxh3 Nxf1+ 27. Bxf1
Qg3+ 28. Kh1 Qg1# 0-1

[Event "Junior Online 4NCL Division 3"]
[Site "online"]
[Date "2020.04.23"]
[Round "2.23"]
[White "Jessop, Osian"]
[Black "Patel, Keatan"]
[Result "1/2-1/2"]
[WhiteElo "1169"]
[BlackElo "1367"]
[PlyCount "139"]
[EventDate "2020.04.23"]
[WhiteTeam "EPR Paradox"]
[BlackTeam "Warwickshire Bears C"]

1. e4 e5 2. Nf3 Nc6 3. Bc4 Bc5 4. c3 Nf6 5. Ng5 O-O 6. d3 h6 7. Nf3 d6 8. d4
exd4 9. cxd4 Bb4+ 10. Bd2 Bxd2+ 11. Nbxd2 Bg4 12. h3 Bxf3 13. Nxf3 Nxe4 14. O-O
d5 15. Bd3 Qd7 16. Bxe4 dxe4 17. Ne5 Qxd4 18. Qxd4 Nxd4 19. Rad1 Ne2+ 20. Kh2
Rfe8 21. Ng4 Rad8 22. g3 c5 23. Kg2 c4 24. Rfe1 Rxd1 25. Rxd1 c3 26. bxc3 Nxc3
27. Rc1 Nxa2 28. Ra1 Nc3 29. Rxa7 b5 30. Rc7 b4 31. Rc4 Rb8 32. h4 Nd5 33. Rxe4
b3 34. Re1 b2 35. Rb1 Nc3 36. Re1 b1=Q 37. Rxb1 Nxb1 38. h5 Rb4 39. Ne5 Rb5 40.
Nc6 Rxh5 41. Ne7+ Kh7 42. Nc6 Rc5 43. Nd4 Nd2 44. f3 Nxf3 45. Nxf3 Rc2+ 46. Kh3
Rc3 47. Ne5 Re3 48. Nxf7 Rf3 49. Ne5 Rf5 50. Ng4 g5 51. Kg2 h5 52. Ne3 Re5 53.
Nc4 Re4 54. Nd6 Re2+ 55. Kf3 Rd2 56. Ne4 g4+ 57. Kf4 Rd4 58. Ke3 Rd5 59. Nf6+
Kg6 60. Nxd5 Kg5 61. Nf4 h4 62. gxh4+ Kxh4 63. Ng2+ Kh3 64. Nf4+ Kh2 65. Nh5
Kh3 66. Nf4+ Kg3 67. Ne2+ Kh4 68. Kf4 Kh3 69. Kg5 g3 70. Nxg3 1/2-1/2

[Event "Junior Online 4NCL Division 3"]
[Site "online"]
[Date "2020.04.23"]
[Round "2.24"]
[White "Chen, Olivia"]
[Black "Haddow, Dylan"]
[Result "1-0"]
[WhiteElo "1375"]
[BlackElo "803"]
[PlyCount "47"]
[EventDate "2020.04.23"]
[WhiteTeam "Warwickshire Bears C"]
[BlackTeam "EPR Paradox"]

1. d4 d5 2. Nf3 Nc6 3. e3 Nf6 4. Bd3 Be6 5. c3 Bg4 6. Nbd2 e5 7. e4 dxe4 8.
Nxe4 Nxe4 9. Bxe4 exd4 10. O-O Ne5 11. cxd4 Nxf3+ 12. Bxf3 Bxf3 13. Qxf3 Bd6
14. Re1+ Kf8 15. Be3 Qh4 16. h3 c5 17. dxc5 Bc7 18. Rad1 Qh5 19. Qxh5 g6 20.
Qh6+ Kg8 21. Bd4 f6 22. Re7 Bh2+ 23. Kxh2 Rf8 24. Qg7# 1-0

[Event "Junior Online 4NCL Division 3"]
[Site "online"]
[Date "2020.04.23"]
[Round "2.25"]
[White "Vas, Ethan"]
[Black "Postans, Harrison"]
[Result "1-0"]
[WhiteElo "1412"]
[BlackElo "1620"]
[PlyCount "63"]
[EventDate "2020.04.23"]
[WhiteTeam "Warwickshire Bears C"]
[BlackTeam "EPR Paradox"]

1. c4 e5 2. Nc3 Nf6 3. g3 d5 4. Bg2 c6 5. b3 Be6 6. e3 dxc4 7. bxc4 Bxc4 8.
Nge2 Be7 9. O-O O-O 10. Bb2 Nbd7 11. d3 Be6 12. d4 exd4 13. exd4 Qc7 14. Qd2
Nb6 15. Nf4 Nbd5 16. Ncxd5 Nxd5 17. Rac1 Nxf4 18. gxf4 Qd6 19. Bc3 Rfd8 20. Rb1
Qd7 21. d5 cxd5 22. Qd4 Bf6 23. Qd3 Bxc3 24. Qxc3 Rac8 25. Qd2 Bh3 26. Qd3 Bxg2
27. Kxg2 Qg4+ 28. Kh1 b6 29. Qd4 h6 30. Rg1 Qf3+ 31. Rg2 Rc2 32. Qxg7# 1-0

[Event "Junior Online 4NCL Division 3"]
[Site "online"]
[Date "2020.04.23"]
[Round "2.26"]
[White "Stevenson, Neil"]
[Black "Sastry, Shriya"]
[Result "1-0"]
[WhiteElo "1483"]
[BlackElo "1322"]
[PlyCount "53"]
[EventDate "2020.04.23"]
[WhiteTeam "EPR Paradox"]
[BlackTeam "Warwickshire Bears C"]

1. e4 e5 2. Nf3 Nc6 3. Bc4 Bc5 4. b4 Bxb4 5. c3 Bc5 6. d4 exd4 7. cxd4 Bb6 8.
O-O d6 9. Ng5 Bxd4 10. Nxf7 Qe7 11. Nc3 Bxc3 12. Rb1 Rb8 13. Nxh8 Be6 14. Bxe6
Qxe6 15. Qf3 Be5 16. Qh5+ g6 17. Qxh7 Bxh8 18. Qxh8 Qxa2 19. Bg5 Qe6 20. Rfe1
Kf7 21. Qh7+ Kf8 22. Re3 Qc8 23. Rf3+ Ke8 24. Qxg8+ Kd7 25. Qf7+ Ne7 26. Qxe7+
Kc6 27. Rc3# 1-0

[Event "Junior Online 4NCL Division 3"]
[Site "online"]
[Date "2020.04.23"]
[Round "2.27"]
[White "Patel, Keatan"]
[Black "Jessop, Osian"]
[Result "0-1"]
[WhiteElo "1367"]
[BlackElo "1169"]
[PlyCount "54"]
[EventDate "2020.04.23"]
[WhiteTeam "Warwickshire Bears C"]
[BlackTeam "EPR Paradox"]

1. e4 e5 2. Nf3 Nc6 3. Bc4 Nf6 4. Nc3 Bc5 5. O-O a6 6. d3 b5 7. Bd5 Nxd5 8.
Nxd5 d6 9. Be3 Bg4 10. Bxc5 dxc5 11. h3 Bh5 12. c4 Nd4 13. g4 Nxf3+ 14. Qxf3
Bg6 15. h4 f6 16. h5 Bf7 17. cxb5 Bxd5 18. exd5 axb5 19. Rfd1 O-O 20. a4 bxa4
21. Qe4 f5 22. Qxe5 fxg4 23. Qe6+ Kh8 24. Qxg4 Qf6 25. Qe2 Qg5+ 26. Kf1 Qh4 27.
Qe4 Qxf2# 0-1

[Event "Junior Online 4NCL Division 3"]
[Site "online"]
[Date "2020.04.23"]
[Round "2.28"]
[White "Haddow, Dylan"]
[Black "Chen, Olivia"]
[Result "0-1"]
[WhiteElo "803"]
[BlackElo "1375"]
[PlyCount "74"]
[EventDate "2020.04.23"]
[WhiteTeam "EPR Paradox"]
[BlackTeam "Warwickshire Bears C"]

1. e4 e6 2. Bc4 d5 3. Bb3 Nf6 4. e5 Nfd7 5. Nf3 c5 6. d4 Nc6 7. Bg5 Be7 8. Bf4
O-O 9. h3 b6 10. c4 cxd4 11. Bc2 dxc4 12. b3 d3 13. Bxd3 cxd3 14. Qxd3 f6 15.
exf6 Bxf6 16. Nc3 Nc5 17. Qc2 e5 18. Be3 e4 19. Nd2 Bf5 20. b4 Nd3+ 21. Kf1
Ncxb4 22. Qb3+ Kh8 23. Nc4 Be6 24. Nxe4 b5 25. Nxf6 bxc4 26. Qc3 Qxf6 27. Bd4
Qh6 28. g4 Nd5 29. Qxc4 N3f4 30. h4 Ne3+ 31. fxe3 Bxc4+ 32. Ke1 Ng2+ 33. Kd1
Nxe3+ 34. Kd2 Nd5+ 35. Kc2 Qg6+ 36. Kd2 Qd3+ 37. Ke1 Qe2# 0-1